Smelo do Európy

Bibliographic Details
Main Author: Horáková, Margaréta (Author)
Format: Article
Language:Slovak
PhysicalDescription:Obr. 3.
Subjects:

MARC

LEADER 00000nab a2200000 a 4500
001 vtls000410132
003 SK-MaSNL
005 20260302235149.0
008 120925c1991 xo 0 slo
015 |a SNBRB19rr/mm-uuuuu 
035 |a CL0410256 
040 |a SNKBUCL  |b slo  |c SNKBUCL  |e AACR2 
041 0 |a slo 
044 |a xo  |c SK 
080 |a 793.31+784.4(437.6)  |2 1981 
080 |a 784.4(437.6)  |2 1981 
100 1 |a Horáková, Margaréta  |4 aut  |9 843096 
245 1 0 |a Smelo do Európy  |c Margaréta Horáková 
300 |b Obr. 3. 
650 0 7 |a kultúra ľudová slovenská  |2 snkbucl  |9 971521 
655 7 |a články z novín a časopisov  |2 snkbucl  |9 267496 
773 0 |t Osvetová práca  |g Roč. 41, č. 1 (1991), s. 21-22 
850 |a Slovenská národná knižnica v Martine  |a MTA001 
852 |a SNK  |b KIS3GCP 
958 |a RK 
992 |a RBX 
999 |c 1553339  |d 1555269